| 000 | 01297nam a2200217Ia 4500 | ||
|---|---|---|---|
| 003 | Ost | ||
| 005 | 20260507075033.0 | ||
| 008 | 260507s9999||||xx |||||||||||||| ||und|| | ||
| 020 | _a×164279953 | ||
| 040 | _cfsecg | ||
| 041 | _aara | ||
| 082 | _a330 | ||
| 100 |
_aأوغريه، جورج _eمؤلف |
||
| 245 | 0 |
_aالضريبة على القيمة المضافة : _bملحق القانون اللبناني والمراسيم التطبيقية للضريبة / _c جورج أوغريه |
|
| 260 |
_aبيروت: _bمجد المؤسسة الجامعية للدراسات, _c2002 |
||
| 300 |
_a262 صفحة؛ _bإيضاحات ؛ _c24 سم |
||
| 520 | _aتاريخ وتعريف الضريبة على القيمة المضافة- المسيرة الطويلة نحو الضريبة على القيمة المضافة الأوروبية- تعريف الضريب على القيمة المضافة ومزاياها الأساسية- المميزات الأساسية للانظمة الفرنسية- أنظمة خاصة- الأساليب العملية- موقع الضريبة على القيمة المضافة في الموازنة والإقتصاد- تأثير الضريبة على القيمة المضافة | ||
| 653 | _aالضرائب | ||
| 653 | _aالقيمة | ||
| 942 | _cكتاب | ||
| 999 |
_c42426 _d42426 |
||